[Event "42nd IND-ch (w)"]
[Site "Kolkata IND"]
[Date "2015.11.17"]
[Round "5"]
[White "Pratyusha, Bodda"]
[Black "Soumya, Swaminathan"]
[Result "1/2-1/2"]
[WhiteElo "2248"]
[BlackElo "2341"]
[EventDate "2015.11.13"]
[PlyCount "44"]

1.d4 d5 2.c4 c6 3.Nc3 Nf6 4.e3 e6 5.Nf3 Nbd7 6.Qc2 Bd6 7.Bd3 dxc4 8.Bxc4 
O-O 9.O-O b5 10.Bd3 Bb7 11.a3 Rc8 12.b4 c5 13.bxc5 Bxf3 14.cxd6 Nd5 15.
gxf3 Nxc3 16.Bb2 Qg5+ 17.Kh1 Qh5 18.Bxc3 Qxf3+ 19.Kg1 Qg4+ 20.Kh1 Qf3+ 21.
Kg1 Qg4+ 22.Kh1 Qf3+ 1/2-1/2

[Event "42nd IND-ch (w)"]
[Site "Kolkata IND"]
[Date "2015.11.17"]
[Round "5"]
[White "Singh, Neha"]
[Black "Varshini, Velavan"]
[Result "1-0"]
[WhiteElo "2024"]
[BlackElo "2163"]
[EventDate "2015.11.13"]
[PlyCount "75"]

1.e4 c5 2.Nf3 d6 3.d4 cxd4 4.Nxd4 Nf6 5.Bd3 e6 6.O-O Be7 7.c4 O-O 8.Nc3 a6
9.Qe2 Nc6 10.Nxc6 bxc6 11.f4 e5 12.f5 a5 13.b3 d5 14.cxd5 cxd5 15.Bb2 dxe4
16.Nxe4 Nxe4 17.Qxe4 Qb6+ 18.Kh1 Bf6 19.Bxe5 Bb7 20.Qf4 Rad8 21.Rfd1 Qc6 
22.Bf1 Bxe5 23.Qxe5 Qc2 24.Rxd8 Rxd8 25.Qe7 Rb8 26.Qe5 Rd8 27.Re1 h6 28.f6
Bc6 29.Qg3 g5 30.h4 Qg6 31.Qc3 Qh5 32.Re3 Rd1 33.Kg1 Qxh4 34.Qxc6 Rxf1+ 
35.Kxf1 Qf4+ 36.Qf3 Qd4 37.Re8+ Kh7 38.Qf5# 1-0

[Event "42nd IND-ch (w)"]
[Site "Kolkata IND"]
[Date "2015.11.17"]
[Round "5"]
[White "Michelle, Catherina"]
[Black "Padmini, Rout"]
[Result "0-1"]
[WhiteElo "2242"]
[BlackElo "2437"]
[EventDate "2015.11.13"]
[PlyCount "50"]

1.e4 e6 2.d4 d5 3.Nc3 Nf6 4.Bg5 dxe4 5.Nxe4 Be7 6.Bxf6 gxf6 7.Nf3 f5 8.Nc3
a6 9.a4 Bf6 10.Qd2 c5 11.d5 e5 12.Bc4 e4 13.Qe3 Nd7 14.Nd2 Bd4 15.Qe2 O-O 
16.Nb3 Bg7 17.a5 Ne5 18.Na4 Ng6 19.g3 Bd7 20.Naxc5 Bxb2 21.Nxd7 Qxd7 22.
Rb1 Bc3+ 23.Kf1 Rac8 24.Nc1 Bxa5 25.Kg2 f4 0-1

[Event "42nd IND-ch (w)"]
[Site "Kolkata IND"]
[Date "2015.11.18"]
[Round "6"]
[White "Priyanka, Nutakki"]
[Black "Padmini, Rout"]
[Result "0-1"]
[WhiteElo "1994"]
[BlackElo "2437"]
[EventDate "2015.11.13"]
[PlyCount "56"]

1.d4 Nf6 2.c4 g6 3.Nc3 d5 4.Nf3 Bg7 5.h4 c6 6.Bg5 dxc4 7.e4 b5 8.e5 Nd5 9.
h5 Nxc3 10.bxc3 Be6 11.h6 Bf8 12.Be2 Nd7 13.Nd2 f6 14.Bf4 fxe5 15.Bxe5 
Nxe5 16.dxe5 Bd5 17.Bf3 e6 18.Ne4 Be7 19.Qd4 Qb6 20.Qd2 O-O 21.O-O Rf5 22.
Rae1 Rxe5 23.Qf4 Rf5 24.Qg3 Raf8 25.Qh3 a5 26.Bg4 Bxe4 27.Rxe4 Rxf2 28.
Bxe6+ Kh8 0-1

[Event "42nd IND-ch (w)"]
[Site "Kolkata IND"]
[Date "2015.11.18"]
[Round "6"]
[White "Varshini, Velavan"]
[Black "Michelle, Catherina"]
[Result "1/2-1/2"]
[WhiteElo "2163"]
[BlackElo "2242"]
[EventDate "2015.11.13"]
[PlyCount "98"]

1.e4 c6 2.d4 d5 3.e5 Bf5 4.Nf3 e6 5.Be2 Ne7 6.O-O h6 7.Nbd2 Nd7 8.Re1 g5 
9.Nf1 Qc7 10.c3 Bg7 11.Bd3 Bg6 12.Ng3 c5 13.b3 Rc8 14.Bb2 O-O 15.h3 Rfe8 
16.Bxg6 Nxg6 17.Nh5 cxd4 18.cxd4 Qc2 19.Re2 Qxd1+ 20.Rxd1 Rc6 21.Ne1 Rec8 
22.Nd3 f6 23.exf6 Nxf6 24.Nxf6+ Bxf6 25.g3 Kf7 26.Rdd2 Be7 27.Kf1 Ra6 28.
Ba1 h5 29.Rc2 Rac6 30.Rxc6 Rxc6 31.Ke1 Bd6 32.Kf1 Ne7 33.Bb2 Nf5 34.Ke1 g4
35.hxg4 hxg4 36.Kf1 Rc8 37.Re1 Rc2 38.Re2 Rc6 39.Kg2 Rc8 40.Ne1 Ke7 41.Rc2
Rxc2 42.Nxc2 Kf6 43.Kf1 Bc7 44.Ke2 Bb6 45.Kd3 a6 46.Bc1 e5 47.dxe5+ Kxe5 
48.Bf4+ Ke6 49.Be3 Ba5 1/2-1/2

[Event "42nd IND-ch (w)"]
[Site "Kolkata IND"]
[Date "2015.11.18"]
[Round "6"]
[White "Soumya, Swaminathan"]
[Black "Singh, Neha"]
[Result "1-0"]
[WhiteElo "2341"]
[BlackElo "2024"]
[EventDate "2015.11.13"]
[PlyCount "147"]

1.e4 e5 2.Nf3 Nc6 3.Bb5 a6 4.Ba4 Nf6 5.O-O d6 6.d4 exd4 7.Nxd4 Bd7 8.Bxc6 
bxc6 9.Qf3 c5 10.Nf5 Bxf5 11.exf5 Be7 12.Qc6+ Nd7 13.Nc3 O-O 14.Nd5 Nf6 
15.Nxe7+ Qxe7 16.Bg5 h6 17.Bxf6 Qxf6 18.Qxc7 Rfc8 19.Qb7 Qxf5 20.c4 a5 21.
Rab1 Re8 22.Qc6 Qf4 23.b3 Rec8 24.Qd5 a4 25.Rbe1 axb3 26.axb3 Re8 27.Re3 
Rf8 28.g3 Qf6 29.Rd3 Ra6 30.Re1 Qg5 31.Qb7 Qf5 32.Rf3 Ra7 33.Qc6 Qd7 34.
Qd5 Rfa8 35.Kg2 Kf8 36.Re4 Re8 37.Rxe8+ Kxe8 38.Qe4+ Kd8 39.Qh7 f6 40.Re3 
Kc7 41.Qh8 d5 42.Qf8 Kc6 43.b4 cxb4 44.Qxb4 Rb7 45.Qa4+ Kd6 46.Qa5 Kc6 47.
Qa4+ Kc5 48.Qa3+ Kc6 49.cxd5+ Qxd5+ 50.f3 Qd2+ 51.Kh3 Qd7+ 52.g4 Rb5 53.
Qa6+ Kc7 54.Qa7+ Kd8 55.Qa8+ Kc7 56.Qf8 Kb6 57.Qb8+ Kc5 58.Qa8 Kb6 59.Qa3 
Re5 60.Rd3 Rh5+ 61.Kg2 Rd5 62.Qb3+ Kc5 63.Qc3+ Kd6 64.Qb4+ Ke6 65.Qe4+ Re5
66.Rxd7 Rxe4 67.Rxg7 Re5 68.Rh7 h5 69.Rxh5 Rxh5 70.gxh5 Kf5 71.h4 Ke6 72.
Kg3 Kf7 73.Kf4 Kg7 74.Kf5 1-0

[Event "42nd IND-ch (w)"]
[Site "Kolkata IND"]
[Date "2015.11.18"]
[Round "6"]
[White "Swathi, Ghate"]
[Black "Pratyusha, Bodda"]
[Result "1-0"]
[WhiteElo "2230"]
[BlackElo "2248"]
[EventDate "2015.11.13"]
[PlyCount "91"]

1.e4 c5 2.Nf3 e6 3.d4 cxd4 4.Nxd4 Nc6 5.Nc3 Qc7 6.Be3 a6 7.Qd2 Nf6 8.f4 d6
9.Be2 Be7 10.O-O O-O 11.Kh1 Nxd4 12.Bxd4 e5 13.Be3 exf4 14.Bxf4 Be6 15.
Rad1 Rfd8 16.Rf3 b5 17.a3 Ng4 18.Rff1 Qc5 19.Bxg4 Bxg4 20.Nd5 Bf8 21.Be3 
Qc6 22.Bd4 Re8 23.Qg5 Bxd1 24.Nf6+ Kh8 25.Qf5 Qxe4 26.Nxe4 Bxc2 27.Rf4 d5 
28.Qxd5 Rad8 29.Qxf7 Bxe4 30.Qa7 Bb7 31.Qxb7 Re1+ 32.Bg1 Bc5 33.h4 Bxg1 
34.Re4 Rb1 35.Qf7 Bc5+ 36.Kh2 Bd6+ 37.Kh3 Rh1+ 38.Kg4 h6 39.Re8+ Rxe8 40.
Qxe8+ Kh7 41.Kh5 Rd1 42.g4 Rd2 43.Qe4+ Kh8 44.g5 hxg5 45.hxg5 Bf8 46.Kg6 
1-0

[Event "42nd IND-ch (w)"]
[Site "Kolkata IND"]
[Date "2015.11.18"]
[Round "6"]
[White "Tania, Sachdev"]
[Black "Kulkarni, Bhakti"]
[Result "0-1"]
[WhiteElo "2385"]
[BlackElo "2257"]
[EventDate "2015.11.13"]
[PlyCount "118"]

1.d4 d5 2.c4 e6 3.Nf3 Nf6 4.Nc3 c5 5.cxd5 Nxd5 6.e4 Nxc3 7.bxc3 cxd4 8.
cxd4 Bb4+ 9.Bd2 Bxd2+ 10.Qxd2 O-O 11.Be2 b6 12.O-O Bb7 13.Qe3 Nc6 14.Rfd1 
Rc8 15.a3 Na5 16.h4 Nc4 17.Bxc4 Rxc4 18.h5 h6 19.Rd3 Qc7 20.Rad1 Rc8 21.
Ne5 Rc1 22.Rxc1 Qxc1+ 23.Kh2 f6 24.Ng6 Qxe3 25.Rxe3 Kf7 26.f3 Ke8 27.d5 
Kd7 28.dxe6+ Kxe6 29.Rd3 Ba6 30.Rd2 Rc5 31.g4 Bb7 32.Rd3 b5 33.Kg3 a5 34.
Nf8+ Ke7 35.Ng6+ Ke8 36.Nh4 Bc8 37.Kf4 b4 38.axb4 axb4 39.Rb3 Rc4 40.Ke3 
Be6 41.Nf5 Rxe4+ 42.fxe4 Bxb3 43.Nxg7+ Kf8 44.Nf5 Bd1 45.Kd4 Bxg4 46.Ng3 
Be6 47.Ne2 Ke7 48.Nf4 Kd6 49.Nd3 b3 50.Kc3 Bf7 51.Kb4 b2 52.Nxb2 Ke5 53.
Kc3 Kxe4 54.Kd2 Kf3 55.Ke1 Bxh5 56.Nc4 Bg6 57.Nd2+ Kg2 58.Nf1 Bd3 59.Ne3+ 
Kf3 0-1

[Event "42nd IND-ch (w)"]
[Site "Kolkata IND"]
[Date "2015.11.18"]
[Round "6"]
[White "Priyanka, Kumari"]
[Black "Vaishali, Ramesh Babu"]
[Result "0-1"]
[WhiteElo "2011"]
[BlackElo "2298"]
[EventDate "2015.11.13"]
[PlyCount "132"]

1.e4 e5 2.Nf3 Nc6 3.Nc3 Nf6 4.d4 exd4 5.Nxd4 Bb4 6.Nxc6 bxc6 7.Bd3 O-O 8.
O-O Re8 9.Qf3 Bd6 10.Bf4 Bxf4 11.Qxf4 d6 12.Rfe1 Ng4 13.h3 Ne5 14.Bf1 Rb8 
15.b3 Ng6 16.Qf3 Qg5 17.Rad1 h5 18.Kh1 h4 19.Qe3 Qf6 20.Qd4 Ne5 21.Ne2 c5 
22.Qe3 Bb7 23.Nf4 Ng6 24.Nd5 Bxd5 25.Rxd5 Re5 26.c4 Rbe8 27.Rxe5 Rxe5 28.
Be2 Qf4 29.Bf3 Qxe3 30.Rxe3 Ne7 31.Bg4 Nc6 32.f4 Re7 33.Kg1 g6 34.Kf2 Nd4 
35.Bf3 Kg7 36.Rd3 a5 37.a4 Re8 38.Re3 Ne6 39.e5 Rb8 40.exd6 cxd6 41.g3 
hxg3+ 42.Kxg3 Nd4 43.Rd3 Rxb3 44.Rxb3 Nxb3 45.Bd5 Nd4 46.Kf2 Ne6 47.Ke3 
Kf6 48.Kf3 Nc7 49.Bb7 Ke6 50.Bc8+ Ke7 51.Bb7 f5 52.Ke3 d5 53.Kd3 d4 54.Ke2
Ne8 55.Bf3 Kf6 56.h4 Nc7 57.Bg2 Kg7 58.Bf1 Kh6 59.Kf3 Na8 60.Ke2 Nb6 61.
Kd3 Kh5 62.Be2+ Kxh4 63.Bd1 Kg3 64.Bc2 Kxf4 65.Bd1 g5 66.Be2 Nxa4 0-1

[Event "42nd IND-ch (w)"]
[Site "Kolkata IND"]
[Date "2015.11.20"]
[Round "7"]
[White "Vaishali, Ramesh Babu"]
[Black "Priyanka, Nutakki"]
[Result "1-0"]
[WhiteElo "2298"]
[BlackElo "1994"]
[EventDate "2015.11.13"]
[PlyCount "117"]

1.b3 e5 2.Bb2 Nc6 3.e3 d5 4.Bb5 Bd6 5.f4 Qh4+ 6.g3 Qe7 7.Nf3 f6 8.fxe5 
fxe5 9.Bxc6+ bxc6 10.Nxe5 Nf6 11.Nxc6 Qe4 12.O-O Bh3 13.Rf2 Ng4 14.Nc3 
Qh1+ 15.Kxh1 Nxf2+ 16.Kg1 Nxd1 17.Nxd1 O-O 18.Nf2 Bd7 19.Ne5 Bf5 20.c4 
Rae8 21.Nc6 dxc4 22.bxc4 Bd7 23.Nd4 Bb4 24.Nb3 Ba4 25.Rd1 Rf5 26.Nd3 Bf8 
27.Bc3 Ba3 28.Re1 Rff8 29.Nf4 Bd6 30.d4 Rb8 31.Rb1 Bb4 32.Rc1 Ba3 33.Rb1 
Bb4 34.Rc1 Ba3 35.Rb1 Rb7 36.Nd2 Rxb1+ 37.Nxb1 Bc1 38.Nd2 Rb8 39.Nd3 Bxd2 
40.Bxd2 Rb1+ 41.Kf2 Rh1 42.h4 Be8 43.e4 Rh2+ 44.Ke3 Rg2 45.d5 Rxg3+ 46.Kd4
Rg4 47.c5 Rxh4 48.c6 Kf7 49.Ba5 Ke7 50.Bxc7 Rh6 51.Kc5 g5 52.Ne5 Bxc6 53.
Nxc6+ Kd7 54.d6 Rh1 55.e5 Rc1+ 56.Kd5 Rd1+ 57.Nd4 g4 58.e6+ Kc8 59.Ba5 1-0

[Event "42nd IND-ch (w)"]
[Site "Kolkata IND"]
[Date "2015.11.20"]
[Round "7"]
[White "Kulkarni, Bhakti"]
[Black "Priyanka, Kumari"]
[Result "1-0"]
[WhiteElo "2257"]
[BlackElo "2011"]
[EventDate "2015.11.13"]
[PlyCount "179"]

1.d4 Nf6 2.Nf3 g6 3.g3 Bg7 4.Bg2 O-O 5.O-O d6 6.b3 e5 7.dxe5 Ng4 8.Bb2 Nc6
9.c4 Ngxe5 10.Qd2 Be6 11.Nc3 Nxf3+ 12.Bxf3 Qd7 13.Nd5 Ne5 14.Bg2 c6 15.Ne3
Ng4 16.Bxg7 Kxg7 17.Qd4+ Kg8 18.Nd1 f5 19.Nc3 Nf6 20.Rad1 Ne8 21.f4 Qg7 
22.Qe3 Qf7 23.Rd2 a6 24.Rfd1 Rd8 25.Kh1 Qf6 26.Na4 Rf7 27.Nc5 Re7 28.Qf2 
Rc8 29.Na4 Bf7 30.Rd4 Qe6 31.e4 c5 32.exf5 gxf5 33.R4d2 Qf6 34.Nb6 Rd8 35.
Bf3 Ng7 36.Rd3 Ne8 37.Qg2 Rb8 38.Qc2 Rd8 39.Qd2 Kg7 40.Nd5 Bxd5 41.Rxd5 b6
42.Bh5 Qe6 43.Qd3 Nf6 44.Qxf5 Nxd5 45.Qg5+ Kh8 46.cxd5 Qe4+ 47.Kg1 Rf8 48.
Qh6 Qf5 49.Bf3 Rf6 50.Qh4 Kg7 51.Bg4 Qe4 52.Qh3 Rh6 53.Bh5 Qe3+ 54.Kh1 
Qe4+ 55.Kg1 Qe3+ 56.Kh1 Qe2 57.Bxe2 Rxh3 58.Bxa6 Re3 59.Kg2 Rh6 60.h3 Rg6 
61.g4 Rh6 62.Rh1 Rc3 63.h4 Rc2+ 64.Kg3 Rc3+ 65.Kf2 Rf6 66.f5 h5 67.Rg1 
hxg4 68.Rxg4+ Kh6 69.Bc8 Rc2+ 70.Ke3 Rxa2 71.Kd3 b5 72.Be6 Rh2 73.Rg8 Rxh4
74.Rd8 Rh3+ 75.Kc2 Rh2+ 76.Kc3 b4+ 77.Kc4 Rc2+ 78.Kb5 Rc3 79.Rxd6 Rf8 80.
Rb6 Kg5 81.d6 Rd8 82.Kc6 Kf6 83.Kc7 Rh8 84.d7 Ke7 85.Bc4 Ra8 86.Re6+ Kf8 
87.Ra6 Rxa6 88.d8=Q+ Kg7 89.Qg5+ Kh8 90.Qg8# 1-0

[Event "42nd IND-ch (w)"]
[Site "Kolkata IND"]
[Date "2015.11.20"]
[Round "7"]
[White "Pratyusha, Bodda"]
[Black "Tania, Sachdev"]
[Result "1/2-1/2"]
[WhiteElo "2248"]
[BlackElo "2385"]
[EventDate "2015.11.13"]
[PlyCount "250"]

1.d4 d5 2.c4 e6 3.Nf3 Nf6 4.g3 dxc4 5.Bg2 c5 6.O-O Nc6 7.dxc5 Qxd1 8.Rxd1 
Bxc5 9.Nbd2 c3 10.bxc3 O-O 11.Nb3 Be7 12.Nfd4 Bd7 13.Nxc6 Bxc6 14.Bxc6 
bxc6 15.c4 Rfd8 16.Bf4 Ne4 17.Be5 f6 18.Bc7 Rxd1+ 19.Rxd1 Kf7 20.f3 Rc8 
21.Ba5 Nc5 22.Nxc5 Bxc5+ 23.Kg2 Re8 24.Rd7+ Re7 25.Rd8 Re8 26.Rd3 e5 27.e4
Re7 28.Kf1 Rb7 29.Rb3 Rd7 30.Ke2 Ke6 31.Rb8 Rd4 32.Re8+ Kd7 33.Rd8+ Ke6 
34.Rxd4 Bxd4 35.Kd3 Bc5 36.g4 g6 37.Bd2 Kd6 38.h3 Bd4 39.Bb4+ Bc5 40.Bc3 
Ke6 41.Kc2 f5 42.Bd2 fxg4 43.fxg4 h5 44.gxh5 gxh5 45.Kb3 Bd4 46.Ka4 Kd6 
47.Bb4+ Kc7 48.Bf8 Kb6 49.Kb4 a6 50.Be7 Kc7 51.Bf8 Kb6 52.Kb3 Bc5 53.Bg7 
Bd4 54.Bf6 Ba1 55.Be7 Bd4 56.Bb4 Bc5 57.Bc3 Bd4 58.Bd2 Kc7 59.Kc2 Kd6 60.
Bb4+ Kd7 61.Kd3 Ke6 62.Bd2 Kd6 63.Bc1 Ke6 64.Ba3 Kd7 65.Bb4 Ke6 66.Be1 Kd6
67.Bh4 Ke6 68.Kc2 Kd6 69.Kb3 Be3 70.Bg3 Bd4 71.Bh4 Be3 72.Bf6 Bd2 73.Bg7 
Be1 74.Bf8+ Kc7 75.Bc5 Bg3 76.Be3 Be1 77.Bg1 Bg3 78.Bc5 Be1 79.Kc2 Bg3 80.
Kd3 Kd7 81.Bb4 Bf4 82.Ke2 Ke6 83.Kf3 Kf6 84.Ba5 Ke6 85.Bb6 Kd6 86.Bf2 Ke6 
87.c5 Bc1 88.Ke2 Kd7 89.Bg3 Bb2 90.Bf2 Ke6 91.Kd3 Bc1 92.Kc3 Bf4 93.Bh4 
Kd7 94.Bf6 Ke6 95.Bh4 Kd7 96.Kd3 Ke6 97.Ke2 Kd7 98.Be1 Ke6 99.Kf3 Kf6 100.
Ba5 Ke7 101.Bc7 Kd7 102.Bd6 Ke6 103.Ke2 Kd7 104.Kd3 Bg3 105.Bf8 Bf4 106.
Bd6 Bg3 107.Ke2 Bf4 108.Bb8 Ke6 109.Bc7 Kd7 110.Ba5 Ke6 111.Kd3 Kd7 112.
Be1 Kc7 113.Kc4 Kc8 114.Kb4 Kb7 115.Bh4 Kc8 116.Bf6 Kb7 117.Be7 Kc8 118.
Bd6 Kb7 119.Be7 Kc8 120.Bf6 Kb7 121.Kc4 Kc8 122.Kc3 Kd7 123.Kd3 Ke6 124.
Bd8 Kd7 125.Bf6 Ke6 1/2-1/2

[Event "42nd IND-ch (w)"]
[Site "Kolkata IND"]
[Date "2015.11.20"]
[Round "7"]
[White "Singh, Neha"]
[Black "Swathi, Ghate"]
[Result "0-1"]
[WhiteElo "2024"]
[BlackElo "2230"]
[EventDate "2015.11.13"]
[PlyCount "112"]

1.e4 e5 2.Nf3 Nc6 3.Bb5 a6 4.Ba4 Nf6 5.O-O Be7 6.Re1 b5 7.Bb3 d6 8.h3 Na5 
9.c3 Nxb3 10.axb3 Bb7 11.d3 O-O 12.Nbd2 Nd7 13.Qe2 Re8 14.b4 c5 15.bxc5 
dxc5 16.Nf1 Bd6 17.Ng3 g6 18.Bh6 Nf8 19.Nh2 Ne6 20.Qd2 Re7 21.Rad1 Rd7 22.
Ng4 Kh8 23.Qc1 f6 24.Be3 Bf8 25.Qb1 Qe7 26.Ne2 Rad8 27.f3 Bg7 28.Bf2 Rd6 
29.b4 cxb4 30.cxb4 h5 31.Nh2 Qd7 32.Nc1 Bh6 33.Be3 Bxe3+ 34.Rxe3 Rd4 35.
Ne2 Nf4 36.Nxd4 Qxd4 37.Nf1 Ne2+ 38.Kh2 Nc3 39.Qa1 Nxd1 40.Qxd1 Qxb4 41.
Re2 Kg7 42.Rd2 Bc8 43.Ng3 Be6 44.Ne2 a5 45.f4 exf4 46.Nxf4 Qd6 47.g3 Bf7 
48.h4 b4 49.d4 b3 50.Rd3 Qb6 51.d5 a4 52.Qb1 b2 53.Rc3 Ra8 54.Ra3 Qb4 55.
Ra2 a3 56.Nd3 Qxe4 0-1

[Event "42nd IND-ch (w)"]
[Site "Kolkata IND"]
[Date "2015.11.20"]
[Round "7"]
[White "Michelle, Catherina"]
[Black "Soumya, Swaminathan"]
[Result "1-0"]
[WhiteElo "2242"]
[BlackElo "2341"]
[EventDate "2015.11.13"]
[PlyCount "115"]

1.c4 g6 2.Nc3 Bg7 3.Nf3 Nf6 4.e4 c5 5.d4 cxd4 6.Nxd4 d6 7.Be2 O-O 8.Be3 
Nc6 9.Qd2 Ng4 10.Bxg4 Bxg4 11.O-O a6 12.f3 Bd7 13.Rfd1 Rc8 14.b3 f5 15.
exf5 gxf5 16.Rac1 Ne5 17.Nd5 Ng6 18.Bg5 Qe8 19.Ne2 Bc6 20.Nef4 Bxd5 21.
Qxd5+ Kh8 22.Nxg6+ Qxg6 23.Bxe7 Rg8 24.Qxd6 Qh5 25.Bf6 h6 26.Rc2 Rce8 27.
Rcd2 Kh7 28.Bxg7 Rxg7 29.Qf4 Reg8 30.Rd7 Qg6 31.g3 Rf8 32.R1d6 Rf6 33.c5 
Re6 34.Rxg7+ Kxg7 35.Qd4+ Kf8 36.Qh8+ Kf7 37.Rd7+ Re7 38.Rxe7+ Kxe7 39.
Qe5+ Kd7 40.Qd6+ Qxd6 41.cxd6 Kxd6 42.g4 fxg4 43.fxg4 Ke5 44.Kf2 Kf4 45.h3
a5 46.a4 b6 47.Kg2 Ke3 48.Kg3 Kd3 49.h4 Kc3 50.g5 hxg5 51.hxg5 Kxb3 52.g6 
Kxa4 53.g7 b5 54.g8=Q b4 55.Qa2+ Kb5 56.Kf3 a4 57.Qd5+ Ka6 58.Qc6+ 1-0

[Event "42nd IND-ch (w)"]
[Site "Kolkata IND"]
[Date "2015.11.20"]
[Round "7"]
[White "Padmini, Rout"]
[Black "Varshini, Velavan"]
[Result "1-0"]
[WhiteElo "2437"]
[BlackElo "2163"]
[EventDate "2015.11.13"]
[PlyCount "109"]

1.e4 c5 2.Nf3 d6 3.d4 cxd4 4.Nxd4 Nf6 5.Nc3 a6 6.Be2 e6 7.O-O Be7 8.f4 Qc7
9.Kh1 O-O 10.Bf3 Nc6 11.a4 Rd8 12.Be3 d5 13.e5 Ne8 14.Bg4 Nxd4 15.Bxd4 f5 
16.Bf3 Bc5 17.Ne2 Bd7 18.Bxc5 Qxc5 19.Qd2 g6 20.Nd4 b5 21.axb5 axb5 22.b4 
Qb6 23.Ra5 Ra7 24.Rfa1 Rda8 25.h3 Rxa5 26.bxa5 Qc5 27.Nb3 Qc4 28.Be2 Qc8 
29.Nd4 Qc5 30.Kh2 Nc7 31.Nb3 Qc6 32.g4 fxg4 33.hxg4 Rf8 34.Nd4 Qc5 35.Kg3 
Ne8 36.a6 Nc7 37.a7 Ra8 38.Nb3 Qb6 39.Qd4 Qxd4 40.Nxd4 Kf7 41.Bd3 h5 42.
gxh5 gxh5 43.Kh4 Ke7 44.Kxh5 Rh8+ 45.Kg4 Rg8+ 46.Kf3 Ra8 47.Ke3 Kd8 48.Nb3
Kc8 49.Nc5 Be8 50.Be2 Bc6 51.Bg4 Bd7 52.Rh1 Rxa7 53.Rh8+ Be8 54.Nxe6 Nxe6 
55.Rxe8+ 1-0

[Event "42nd IND-ch (w)"]
[Site "Kolkata IND"]
[Date "2015.11.21"]
[Round "8"]
[White "Priyanka, Nutakki"]
[Black "Varshini, Velavan"]
[Result "1/2-1/2"]
[WhiteElo "1994"]
[BlackElo "2163"]
[EventDate "2015.11.13"]
[PlyCount "91"]

1.d4 d5 2.c4 e6 3.Nc3 Nf6 4.Nf3 Be7 5.Bg5 O-O 6.e3 b6 7.Be2 Bb7 8.Bxf6 
Bxf6 9.cxd5 exd5 10.b4 Nc6 11.b5 Ne7 12.O-O c5 13.Rc1 c4 14.Ne5 Bxe5 15.
dxe5 Qc7 16.Qd4 Rad8 17.Bg4 Bc8 18.Bxc8 Qxc8 19.e4 dxe4 20.Qxe4 Qc5 21.
Rfd1 Rd3 22.Rxd3 cxd3 23.Qxd3 Qxe5 24.Ne4 Nd5 25.Ng3 g6 26.a4 h5 27.Rd1 
Nc3 28.Rc1 Nxa4 29.Nf1 Nc5 30.Qa3 Qe2 31.Ng3 Qxb5 32.Qxa7 h4 33.Nf1 h3 34.
Ne3 Nd3 35.Rd1 Nf4 36.Qe7 Re8 37.Qf6 Nxg2 38.Ng4 Qh5 39.Rd8 Rxd8 40.Qxd8+ 
Kg7 41.Qf6+ Kg8 42.Qd8+ Kg7 43.Qd4+ Kf8 44.Qd6+ Kg7 45.Qf6+ Kg8 46.Qd8+ 
1/2-1/2

[Event "42nd IND-ch (w)"]
[Site "Kolkata IND"]
[Date "2015.11.21"]
[Round "8"]
[White "Soumya, Swaminathan"]
[Black "Padmini, Rout"]
[Result "0-1"]
[WhiteElo "2341"]
[BlackElo "2437"]
[EventDate "2015.11.13"]
[PlyCount "96"]

1.e4 c5 2.Nf3 e6 3.d4 cxd4 4.Nxd4 Nc6 5.Nc3 Qc7 6.Be2 Nf6 7.O-O Be7 8.Be3 
O-O 9.f4 d6 10.Qe1 Nxd4 11.Bxd4 e5 12.Be3 a6 13.Qg3 Kh8 14.a4 exf4 15.Bxf4
Be6 16.e5 Ne8 17.Ne4 dxe5 18.Bxe5 Qb6+ 19.Kh1 f6 20.Qh4 Nd6 21.Nxf6 Rxf6 
22.Rxf6 Bxf6 23.Bxf6 Nf5 24.Qg5 gxf6 25.Qxf6+ Ng7 26.Bd3 Qd8 27.Qh6 Bf5 
28.Bxf5 Nxf5 29.Qf4 Qd5 30.c4 Qe6 31.Rf1 Rd8 32.h3 Ne7 33.Qc7 Rd7 34.Qb8+ 
Ng8 35.Qf4 Qd6 36.Qf5 Rg7 37.Qf3 b6 38.b3 Rg3 39.Qb7 Rxb3 40.Qxa6 Qc6 41.
Kh2 Rb2 42.Rg1 Nf6 43.Qa7 Ng4+ 44.Kg3 Rb3+ 45.Kxg4 Qxc4+ 46.Kh5 Qd5+ 47.
Kh4 Qd8+ 48.Kh5 Rg3 0-1

[Event "42nd IND-ch (w)"]
[Site "Kolkata IND"]
[Date "2015.11.21"]
[Round "8"]
[White "Tania, Sachdev"]
[Black "Singh, Neha"]
[Result "1-0"]
[WhiteElo "2385"]
[BlackElo "2024"]
[EventDate "2015.11.13"]
[PlyCount "67"]

1.d4 Nf6 2.c4 g6 3.Nc3 Bg7 4.e4 d6 5.f3 c6 6.Nge2 a6 7.Be3 b5 8.c5 O-O 9.
cxd6 exd6 10.Nf4 Nbd7 11.Be2 Re8 12.Qd2 Nb6 13.O-O Nfd7 14.a4 b4 15.a5 
bxc3 16.bxc3 Nf8 17.axb6 Qxb6 18.Rfb1 Qc7 19.Ra3 f5 20.Bd3 fxe4 21.fxe4 
Qe7 22.Ra5 Kh8 23.Rba1 Nd7 24.Nh3 Nb8 25.Ng5 Ra7 26.Rf1 Rf8 27.Raa1 h6 28.
Rxf8+ Bxf8 29.Nf3 Qg7 30.e5 dxe5 31.Nxe5 Bf5 32.Bxf5 gxf5 33.Rb1 Ra8 34.
Bxh6 1-0

[Event "42nd IND-ch (w)"]
[Site "Kolkata IND"]
[Date "2015.11.21"]
[Round "8"]
[White "Priyanka, Kumari"]
[Black "Pratyusha, Bodda"]
[Result "0-1"]
[WhiteElo "2011"]
[BlackElo "2248"]
[EventDate "2015.11.13"]
[PlyCount "132"]

1.e4 c5 2.Nf3 e6 3.d4 cxd4 4.Nxd4 Nc6 5.Nc3 Qc7 6.Be3 a6 7.Be2 b5 8.a3 Bb7
9.O-O Nf6 10.Kh1 Rc8 11.f4 Na5 12.Bd3 Nc4 13.Bxc4 Qxc4 14.Qd3 Nxe4 15.Nxe4
Qd5 16.Nxb5 Qxe4 17.Qxe4 Bxe4 18.Nd4 f5 19.b3 Bc5 20.c4 a5 21.Rfe1 O-O 22.
Nb5 a4 23.b4 Bxe3 24.Rxe3 Rxc4 25.Rc3 Rfc8 26.Rac1 Rxc3 27.Rxc3 Rb8 28.Nd6
Kf8 29.Kg1 Bc6 30.Kf2 Ke7 31.Nc4 Be4 32.Ne5 Rb5 33.Rg3 g6 34.Rh3 Rd5 35.
Rxh7+ Kd8 36.Ke2 Kc7 37.Nxg6 Bxg2 38.Ne5 Rd4 39.Ke3 Rd1 40.Rg7 Be4 41.Rg3 
Ra1 42.Kd4 Rd1+ 43.Ke3 d5 44.Ke2 Rh1 45.h3 d4 46.Nd3 Rh2+ 47.Kd1 Bxd3 48.
Rxd3 Kc6 49.Rxd4 Rxh3 50.b5+ Kxb5 51.Rd6 Rxa3 52.Rxe6 Rc3 53.Re8 Rc5 54.
Rb8+ Ka5 55.Kd2 Rc4 56.Ke3 a3 57.Ra8+ Kb4 58.Kd3 Rc5 59.Ra7 Ra5 60.Rb7+ 
Rb5 61.Ra7 Kb3 62.Kd4 a2 63.Ra8 Rb4+ 64.Kd3 Kb2 65.Ke3 a1=Q 66.Rxa1 Kxa1 
0-1

[Event "42nd IND-ch (w)"]
[Site "Kolkata IND"]
[Date "2015.11.21"]
[Round "8"]
[White "Vaishali, Ramesh Babu"]
[Black "Kulkarni, Bhakti"]
[Result "1-0"]
[WhiteElo "2298"]
[BlackElo "2257"]
[EventDate "2015.11.13"]
[PlyCount "133"]

1.c4 e6 2.Nc3 d5 3.e3 Nf6 4.Nf3 c5 5.cxd5 exd5 6.Bb5+ Nc6 7.Ne5 Qd6 8.f4 
Be7 9.b3 O-O 10.Bxc6 bxc6 11.Ba3 d4 12.Na4 dxe3 13.dxe3 Qc7 14.O-O Ba6 15.
Rf3 c4 16.Bxe7 Qxe7 17.bxc4 c5 18.Nc3 Rfd8 19.Qc2 Bb7 20.e4 Nxe4 21.Nxe4 
f6 22.Re1 fxe5 23.Ng5 e4 24.Nxe4 h6 25.Rfe3 Qf8 26.Qb2 Ba6 27.f5 Qxf5 28.
Rf1 Rab8 29.Qxg7+ Kxg7 30.Rxf5 Rd1+ 31.Kf2 Bxc4 32.Rxc5 Rb2+ 33.Kg3 Bxa2 
34.Rc7+ Kg6 35.Rf3 Rb6 36.Kf4 h5 37.Rg3+ Kh6 38.Rgg7 Rf1+ 39.Ke3 Re1+ 40.
Kf3 Bd5 41.Rh7+ Kg6 42.Rcg7+ Kf5 43.Rg5+ Ke6 44.Rh6+ Kf7 45.Rxb6 Bxe4+ 46.
Kf2 axb6 47.Kxe1 Kf6 48.h4 Bc6 49.Kf2 Be8 50.Rg8 Ke7 51.Rh8 b5 52.Rh6 Bf7 
53.Rb6 Bc4 54.Ke3 Kf8 55.Rb7 Kg8 56.Kf4 Kf8 57.Kg5 Be2 58.Kf6 Kg8 59.g3 
Bd3 60.Kg5 Be2 61.Re7 Bd1 62.Re1 Bf3 63.Re5 Bc6 64.Kxh5 Kf7 65.Kg5 b4 66.
Rc5 Be8 67.Rc7+ 1-0

[Event "42nd IND-ch (w)"]
[Site "Kolkata IND"]
[Date "2015.11.22"]
[Round "9"]
[White "Kulkarni, Bhakti"]
[Black "Priyanka, Nutakki"]
[Result "1-0"]
[WhiteElo "2257"]
[BlackElo "1994"]
[EventDate "2015.11.13"]
[PlyCount "75"]

1.d4 Nf6 2.c4 e6 3.Nf3 b6 4.a3 Bb7 5.Nc3 d5 6.Bg5 Be7 7.e3 O-O 8.cxd5 exd5
9.Bxf6 Bxf6 10.Be2 Nd7 11.Qb3 c6 12.O-O Qe7 13.Rac1 Rfd8 14.Rfd1 g6 15.Ne1
c5 16.Bf3 c4 17.Qb5 Rac8 18.Nxd5 Bxd5 19.Bxd5 c3 20.b4 Qd6 21.Bf3 Rc7 22.
Rc2 Rdc8 23.Rdc1 Be7 24.Nd3 a5 25.Qa4 Qe6 26.Nf4 Qd6 27.Nd5 Rc4 28.Qb3 
axb4 29.axb4 Rxb4 30.Nxb4 Qxb4 31.Rb1 Qa5 32.Bd5 b5 33.Bxf7+ Kg7 34.Be6 b4
35.Bxd7 Ra8 36.Be6 Qb5 37.Rxc3 Ra3 38.Qxa3 1-0

[Event "42nd IND-ch (w)"]
[Site "Kolkata IND"]
[Date "2015.11.22"]
[Round "9"]
[White "Pratyusha, Bodda"]
[Black "Vaishali, Ramesh Babu"]
[Result "1-0"]
[WhiteElo "2248"]
[BlackElo "2298"]
[EventDate "2015.11.13"]
[PlyCount "85"]

1.d4 Nf6 2.c4 c5 3.d5 b5 4.cxb5 a6 5.bxa6 g6 6.Nc3 Bxa6 7.e4 Bxf1 8.Kxf1 
d6 9.Nf3 Nbd7 10.g3 Bg7 11.Kg2 O-O 12.a4 Ng4 13.Qe2 Qb6 14.Nd2 Bxc3 15.
bxc3 Ngf6 16.Nc4 Qa6 17.Re1 Rfb8 18.Ra3 Nb6 19.Nxb6 Qxe2 20.Rxe2 Rxb6 21.
Bh6 Rba6 22.f3 Nd7 23.Rb2 f5 24.Rb7 R6a7 25.Rab3 Kf7 26.a5 c4 27.Rxa7 Rxa7
28.Rb5 e5 29.Be3 Ra6 30.Bb6 Nf6 31.Rb4 fxe4 32.fxe4 Nxe4 33.Rxc4 Nf6 34.
Rc7+ Ke8 35.c4 Nd7 36.Rb7 Ra8 37.Kf3 Rc8 38.a6 Rxc4 39.a7 Rc3+ 40.Ke2 Rc2+
41.Kd1 Rc8 42.Bc7 Ra8 43.Rb8+ 1-0

[Event "42nd IND-ch (w)"]
[Site "Kolkata IND"]
[Date "2015.11.22"]
[Round "9"]
[White "Singh, Neha"]
[Black "Priyanka, Kumari"]
[Result "0-1"]
[WhiteElo "2024"]
[BlackElo "2011"]
[EventDate "2015.11.13"]
[PlyCount "154"]

1.e4 d5 2.exd5 Qxd5 3.Nc3 Qa5 4.d4 Nf6 5.Nf3 Bf5 6.Bc4 c6 7.Bd2 e6 8.Bb3 
Nbd7 9.h3 Qc7 10.Qe2 O-O-O 11.O-O-O Bd6 12.g3 h6 13.Nh4 Bh7 14.f4 Nb6 15.
Nf3 Nbd5 16.Ne5 Nxc3 17.Bxc3 Ne4 18.Be1 Bxe5 19.dxe5 Rxd1+ 20.Qxd1 Rd8 21.
Qe2 Qd7 22.Bc4 Qd4 23.Rf1 b5 24.Bd3 Qd5 25.b3 Bg6 26.g4 Qd4 27.Kb1 Nc5 28.
Bxg6 Qd1+ 29.Qxd1 Rxd1+ 30.Kb2 fxg6 31.Rg1 Ne4 32.c3 Rd3 33.h4 Rf3 34.Kc2 
Rxf4 35.Kd1 Nc5 36.Bd2 Rf7 37.Ke2 Nd7 38.c4 bxc4 39.bxc4 Nxe5 40.Bb4 Nxc4 
41.Kd3 Nb6 42.Ke4 Nd5 43.Bc5 Nf6+ 44.Ke3 Rd7 45.Bd4 g5 46.hxg5 hxg5 47.Rg2
e5 48.Bc5 e4 49.Bd4 Re7 50.Bc5 Nd5+ 51.Kd4 Re8 52.Re2 e3 53.Bxa7 Rf8 54.
Ke5 Rf3 55.Kd6 Rf6+ 56.Ke5 Kd7 57.Bxe3 Re6+ 58.Kd4 Kd6 59.Re1 c5+ 60.Kd3 
c4+ 61.Kd2 c3+ 62.Kd3 c2 63.Kxc2 Nxe3+ 64.Kd3 Nxg4 65.Rg1 Ne5+ 66.Ke4 Nf7+
67.Kf5 Rf6+ 68.Kg4 Ne5+ 69.Kg3 Rf3+ 70.Kg2 Ra3 71.Ra1 Ke6 72.Kh2 Ng6 73.
Kh1 Kf5 74.Kh2 Nf4 75.Kg1 g4 76.Kf2 g3+ 77.Kg1 Kg4 0-1